[Event "Østlandsserien 2000/2001, 1. div."]
[Site "Oslo"]
[Date "2001.01.21"]
[Round "5.1"]
[White "Solem, Trond"]
[Black "Djurhuus, Rune"]
[Result "1-0"]
[WhiteElo "2118"]
[BlackElo "2464"]
[PlyCount "69"]
[EventDate "2000.11.11"]
[WhiteTeam "Follo"]
[BlackTeam "ASKO 1"]

1. d4 Nf6 2. c4 g6 3. Nc3 Bg7 4. g3 O-O 5. Bg2 c5 6. e3 Nc6 7. Nge2 cxd4 8.
exd4 d6 9. O-O Bg4 10. h3 Bf5 11. Be3 h5 12. Qd2 e5 13. Kh2 Rc8 14. b3 a6 15.
Rad1 Qa5 16. d5 Nb8 17. f4 Nbd7 18. fxe5 Nxe5 19. Bg5 Nfd7 20. Rxf5 gxf5 21.
Bh6 Qd8 22. Bxg7 Kxg7 23. Nd4 Rh8 24. Nxf5+ Kf8 25. Ne4 Rc7 26. Rf1 b5 27.
Nfxd6 bxc4 28. bxc4 Qe7 29. Qd4 Rh7 30. c5 h4 31. Nf5 hxg3+ 32. Kg1 Qd8 33. c6
Nxc6 34. dxc6 Rxc6 35. Qb4+ 1-0

[Event "Østlandsserien 2000/2001, 1. div."]
[Site "Oslo"]
[Date "2001.01.21"]
[Round "5.2"]
[White "Elsness, Frode"]
[Black "Ådnøy, Hallvard Voll"]
[Result "1-0"]
[WhiteElo "2414"]
[BlackElo "2114"]
[PlyCount "75"]
[EventDate "2000.11.11"]
[WhiteTeam "ASKO 1"]
[BlackTeam "Follo"]

1. d4 Nf6 2. c4 e6 3. Nc3 d5 4. cxd5 exd5 5. Bg5 Be7 6. e3 O-O 7. Qc2 c6 8. Bd3
Nbd7 9. Nge2 Re8 10. O-O Nf8 11. f3 Be6 12. Rad1 Ng6 13. a3 a5 14. Na4 Nd7 15.
Bxe7 Qxe7 16. e4 dxe4 17. fxe4 b5 18. Nac3 b4 19. Nb1 c5 20. d5 Bg4 21. Rde1 c4
22. Qxc4 Nge5 23. Qd4 Qc5 24. Qxc5 Nxc5 25. Bb5 Reb8 26. Nd4 Ncd3 27. Bxd3 Nxd3
28. Re3 Nxb2 29. Nc6 Re8 30. axb4 axb4 31. Rb3 Nc4 32. Rxb4 Ne3 33. Rf2 f5 34.
h3 Bh5 35. d6 Re6 36. Rd2 Be8 37. Ne7+ Kf7 38. Nxf5 1-0

[Event "Østlandsserien 2000/2001, 1. div."]
[Site "Oslo"]
[Date "2001.01.21"]
[Round "5.3"]
[White "Kleppe, Johannes"]
[Black "Gudbrandsen, Gustav"]
[Result "0-1"]
[WhiteElo "2043"]
[BlackElo "2210"]
[PlyCount "86"]
[EventDate "2000.11.11"]
[WhiteTeam "Follo"]
[BlackTeam "ASKO 1"]

1. e4 e6 2. d4 d5 3. e5 c5 4. c3 Nc6 5. Nf3 Qb6 6. Be2 Bd7 7. O-O Rc8 8. Na3 f6
9. Bb5 cxd4 10. cxd4 Bxa3 11. Bxc6 Qxc6 12. bxa3 Qc2 13. Bd2 Qxd1 14. Rfxd1 Ne7
15. Bb4 Nc6 16. Bd6 Kf7 17. Rac1 Na5 18. Nd2 b6 19. f4 Bb5 20. Kf2 Bd3 21. Bb4
Nc6 22. Nb3 Bf5 23. Bd6 a5 24. a4 Nb4 25. Bxb4 axb4 26. Rxc8 Rxc8 27. Rc1 Ra8
28. Rc7+ Kg6 29. a5 bxa5 30. Nc5 a4 31. h3 h5 32. Kg3 b3 33. Nxb3 axb3 34. axb3
Rb8 35. Rc3 Rb4 36. exf6 gxf6 37. Kh4 Rxd4 38. Rf3 Bc2 39. g4 hxg4 40. hxg4 Rd3
41. f5+ exf5 42. gxf5+ Kh6 43. Rf1 Rxb3 0-1

[Event "Østlandsserien 2000/2001, 1. div."]
[Site "Oslo"]
[Date "2001.01.21"]
[Round "5.4"]
[White "Hole, Øystein"]
[Black "Kirkebø, Carl Peter"]
[WhiteElo "2187"]
[BlackElo "1972"]
[WhiteTeam "ASKO 1"]
[BlackTeam "Follo"]
[Result "1/2-1/2"]
[PlyCount "77"]
[EventDate "2000.11.11"]

1. Nf3 c5 2. g3 Nc6 3. Bg2 e6 4. O-O g6 5. d3 Bg7 6. e4 Nge7 7. Nbd2 O-O 8. Re1
d6 9. c3 h6 10. Nb3 a5 11. a4 Kh7 12. d4 cxd4 13. Nfxd4 d5 14. exd5 Nxd4 15.
Nxd4 Nxd5 16. Nb5 Bd7 17. Bxd5 exd5 18. Qxd5 Bc6 19. Qxd8 Raxd8 20. Be3 Rd5 21.
Na7 Bd7 22. Red1 Rxd1+ 23. Rxd1 Bxa4 24. Ra1 Bc2 25. Rxa5 Rd8 26. Ra1 Be4 27.
Nb5 h5 28. h4 Be5 29. Re1 f5 30. Bd4 Rd5 31. Bxe5 Rxb5 32. c4 Rxe5 33. f3 b5
34. b3 bxc4 35. bxc4 Rc5 36. fxe4 Rxc4 37. exf5 gxf5 38. Re5 Kg6 39. Re6+
1/2-1/2

[Event "Østlandsserien 2000/2001, 1. div."]
[Site "Oslo"]
[Date "2001.01.21"]
[Round "5.5"]
[White "Næssvold, Kjell"]
[Black "Hagesæther, Ellen"]
[Result "1-0"]
[WhiteElo "1856"]
[BlackElo "2105"]
[PlyCount "179"]
[EventDate "2000.11.11"]
[WhiteTeam "Follo"]
[BlackTeam "ASKO 1"]

1. e4 d6 2. d4 Nf6 3. Nc3 g6 4. Bc4 Bg7 5. Nge2 O-O 6. O-O c6 7. Bb3 e5 8. dxe5
dxe5 9. h3 Qe7 10. Bg5 Nbd7 11. a3 h6 12. Be3 Nc5 13. Bxc5 Qxc5 14. Qd3 Qe7 15.
Ng3 Nd7 16. Qe2 Nc5 17. Ba2 Be6 18. Bxe6 Nxe6 19. Nd1 Nd4 20. Qc4 b5 21. Qc3 h5
22. Re1 Bh6 23. Ne2 c5 24. Ne3 b4 25. Nd5 bxc3 26. Nxe7+ Kg7 27. Nxd4 exd4 28.
bxc3 Bd2 29. Re2 Bxc3 30. Rd1 Rad8 31. Nc6 Rd7 32. Ne5 Rb7 33. Nc4 Rfb8 34. Kh2
Kf6 35. Kg3 Rb1 36. Rd3 Re1 37. Rxe1 Bxe1 38. Rd1 Bc3 39. f4 Ke6 40. Kf3 Rc8
41. Rb1 Rc7 42. Rb8 f6 43. g4 hxg4+ 44. hxg4 Rd7 45. f5+ gxf5 46. gxf5+ Kf7 47.
Ke2 d3+ 48. cxd3 Kg7 49. Ne3 Be5 50. Rc8 Rc7 51. Rxc7+ Bxc7 52. Nd5 Be5 53. Kd2
Kf7 54. Kc2 Ke8 55. Kb3 Kd7 56. Kc4 Kd6 57. a4 a6 58. Ne3 Bb2 59. Kb3 Bd4 60.
Nc4+ Ke7 61. Kc2 Bg1 62. Kd2 Kd7 63. Ke2 Bh2 64. Kf3 Bc7 65. Nd2 Ke7 66. Nb3
Bd6 67. Kg4 Kf7 68. Kh5 Kg7 69. Na5 Kh7 70. Nb7 Be7 71. Kg4 Kh6 72. Kf4 Kh5 73.
e5 fxe5+ 74. Kxe5 Kg5 75. Ke6 Bf8 76. Kf7 Bh6 77. f6 Kf5 78. Nxc5 Bg5 79. Ne4
Bh4 80. Ke8 Bxf6 81. Nxf6 Ke5 82. Kd7 Kd4 83. Kc6 Kxd3 84. a5 Kd4 85. Nd7 Kc4
86. Nc5 Kb4 87. Kb6 Kc4 88. Nxa6 Kd5 89. Nc7+ Kd6 90. a6 1-0

[Event "Østlandsserien 2000/2001, 1. div."]
[Site "Oslo"]
[Date "2001.01.21"]
[Round "5.6"]
[White "Lilleskog, Torgeir"]
[Black "Øgaard, Henning"]
[Result "1-0"]
[WhiteElo "2011"]
[BlackElo "1821"]
[PlyCount "65"]
[EventDate "2000.11.11"]
[WhiteTeam "ASKO 1"]
[BlackTeam "Follo"]

1. e4 c5 2. Nf3 e6 3. d3 Nc6 4. g3 Qc7 5. Bg2 Nf6 6. Nbd2 Be7 7. O-O d6 8. c3
b6 9. Re1 Bb7 10. a3 O-O 11. Qe2 d5 12. e5 Nd7 13. Nf1 Ba6 14. h4 Rae8 15. Bf4
b5 16. N1h2 Qb6 17. Ng4 b4 18. axb4 cxb4 19. Ng5 Nc5 20. Rad1 bxc3 21. bxc3 Rb8
22. Qf3 Qb2 23. d4 Na4 24. Bd2 Rb3 25. Nf6+ Bxf6 26. exf6 g6 27. Nxh7 Nxc3 28.
Qf4 Ne2+ 29. Rxe2 Nxd4 30. Qh6 Nf5 31. Qxf8+ Kxh7 32. Qxf7+ Kh8 33. Rxe6 1-0

[Event "Østlandsserien 2000/2001, 1. div."]
[Site "Oslo"]
[Date "2001.02.10"]
[Round "6.1"]
[White "Hagesæther, Halvard"]
[Black "Øgaard, Leif"]
[Result "0-1"]
[WhiteElo "2185"]
[BlackElo "2313"]
[PlyCount "78"]
[EventDate "2000.11.11"]
[WhiteTeam "ASKO 2"]
[BlackTeam "Follo"]

1. e4 e6 2. Nc3 d5 3. Nf3 Nf6 4. Bd3 Be7 5. O-O O-O 6. Re1 c5 7. b3 Nc6 8. a3
a6 9. Bb2 d4 10. Ne2 e5 11. Ng3 Re8 12. Bc4 b5 13. Bf1 Rb8 14. a4 h6 15. axb5
axb5 16. c4 bxc4 17. Bxc4 Bf8 18. d3 Na5 19. Bc1 Qc7 20. Bd2 Nxc4 21. bxc4 Bd7
22. Ra2 Rb7 23. Qa1 Qb8 24. Ra6 Be6 25. Qa4 Rb1 26. Kf1 Bd7 27. Qa2 Rb2 28. Qa5
Bc8 29. Ra8 Qb3 30. Ke2 Bg4 31. Rxe8 Nxe8 32. Qd8 Nd6 33. Rd1 Ra2 34. h3 Bxf3+
35. gxf3 Ra3 36. Be1 Nxc4 37. Nf5 Qc2+ 38. Rd2 Nxd2 39. Ne7+ Kh7 0-1

[Event "Østlandsserien 2000/2001, 1. div."]
[Site "Oslo"]
[Date "2001.02.10"]
[Round "6.2"]
[White "Ofstad, Per"]
[Black "Børresen, Georg S"]
[Result "0-1"]
[WhiteElo "2205"]
[BlackElo "2218"]
[WhiteTeam "Follo"]
[BlackTeam "ASKO 2"]
[PlyCount "82"]
[EventDate "2000.11.11"]

1. f4 d5 2. Nf3 g6 3. e3 Bg7 4. d4 Nf6 5. Bd3 O-O 6. O-O c5 7. c3 b6 8. Qe2 a5
9. Nbd2 Ba6 10. Bxa6 Nxa6 11. Ne5 Qd6 12. b3 Nd7 13. Ba3 Nxe5 14. fxe5 Qd7 15.
Nf3 f6 16. e4 fxe5 17. dxe5 Nc7 18. exd5 Qxd5 19. Rad1 Qe6 20. c4 Qc6 21. Qd3
Ne6 22. Qd7 Qxd7 23. Rxd7 Rf7 24. Rfd1 Bh6 25. Bc1 Bxc1 26. Rxc1 a4 27. Rc2
axb3 28. axb3 Nd4 29. Rb2 g5 30. h3 Ra1+ 31. Kf2 h5 32. Ke3 Nxf3 33. gxf3 Rf1
34. Rf2 Rb1 35. Rd3 Rf5 36. Ke4 e6 37. Rd7 Re1+ 38. Kd3 Rd1+ 39. Rd2 Rxf3+ 40.
Kc2 Rxd2+ 41. Rxd2 Rxh3 0-1

[Event "Østlandsserien 2000/2001, 1. div."]
[Site "Oslo"]
[Date "2001.02.10"]
[Round "6.3"]
[White "Thorstensen, Trond"]
[Black "Ådnøy, Hallvard Voll"]
[Result "1/2-1/2"]
[WhiteElo "2159"]
[BlackElo "2114"]
[WhiteTeam "ASKO 2"]
[BlackTeam "Follo"]
[PlyCount "86"]
[EventDate "2000.11.11"]

1. d4 Nf6 2. Nf3 e6 3. Bg5 h6 4. Bxf6 Qxf6 5. g3 b6 6. Bg2 Bb7 7. O-O c5 8. c4
cxd4 9. Qxd4 Qxd4 10. Nxd4 Bxg2 11. Kxg2 Nc6 12. Nb5 Rc8 13. Rd1 a6 14. Nd6+
Bxd6 15. Rxd6 Ke7 16. Rd2 Rc7 17. Na3 Nb4 18. b3 Rb8 19. Nc2 Nxc2 20. Rxc2 d5
21. Kf3 Rc5 22. Ke3 Rbc8 23. Kd3 Rd8 24. Ke3 Rdc8 25. Kd3 dxc4+ 26. Rxc4 Rxc4
27. bxc4 Rd8+ 28. Kc3 Rd6 29. Rb1 Rc6 30. Kb4 Kd7 31. Rb3 Kc7 32. Rf3 f6 33. h4
Rc5 34. Rf4 Re5 35. e3 Kc6 36. Rd4 Kc7 37. Rg4 g5 38. hxg5 hxg5 39. Rd4 f5 40.
g4 Kc6 41. a3 Re4 42. Rxe4 fxe4 43. a4 e5 1/2-1/2

[Event "Østlandsserien 2000/2001, 1. div."]
[Site "Oslo"]
[Date "2001.02.10"]
[Round "6.4"]
[White "Semakoff, Aleks"]
[Black "Ribbegren, Carl Johan"]
[Result "0-1"]
[WhiteElo "2115"]
[BlackElo "2125"]
[WhiteTeam "Follo"]
[BlackTeam "ASKO 2"]
[PlyCount "57"]
[EventDate "2000.11.11"]

1. e4 g6 2. d4 Bg7 3. Nc3 c6 4. Nf3 d6 5. Bg5 Nf6 6. Qd2 O-O 7. Bh6 Bg4 8. Bxg7
Kxg7 9. Be2 e5 10. O-O-O Nbd7 11. h3 Bxf3 12. Bxf3 Qa5 13. dxe5 dxe5 14. h4 h6
15. g4 Nc5 16. g5 hxg5 17. hxg5 Nh7 18. Qd6 Ne6 19. Nd5 Nhxg5 20. Bg4 Rad8 21.
Qxe5+ f6 22. Qh2 Rh8 23. Qg2 cxd5 24. Rxh8 Rxh8 25. Bxe6 Nxe6 26. exd5 Qxa2 27.
dxe6 Qa1+ 28. Kd2 Rd8+ 29. Ke3 0-1

[Event "Østlandsserien 2000/2001, 1. div."]
[Site "Oslo"]
[Date "2001.02.10"]
[Round "6.5"]
[White "Sidselrud, Steinar"]
[Black "Kirkebø, Carl Peter"]
[Result "0-1"]
[WhiteElo "2005"]
[BlackElo "1972"]
[PlyCount "154"]
[EventDate "2000.11.11"]
[WhiteTeam "ASKO 2"]
[BlackTeam "Follo"]

1. e4 c5 2. Nf3 Nc6 3. d4 cxd4 4. Nxd4 Nf6 5. Nc3 e6 6. Bg5 Be7 7. Qd2 d6 8.
O-O-O Nxd4 9. Qxd4 O-O 10. f4 Qa5 11. Bc4 a6 12. Rd3 b5 13. Bb3 b4 14. Nb1 e5
15. Qe3 exf4 16. Bxf4 Be6 17. Bxd6 Bxd6 18. Rxd6 Bxb3 19. axb3 Rfe8 20. Rd4
Rac8 21. Re1 Qc7 22. Qd2 a5 23. h3 h6 24. Rc4 Qe5 25. Rxc8 Rxc8 26. Qe2 Qc5 27.
g4 Nd7 28. Rd1 Nb6 29. Qd3 a4 30. bxa4 Nxa4 31. Qb3 Qg5+ 32. Nd2 Nc5 33. Qd5
Qe3 34. Kb1 Qxh3 35. Rf1 Qxg4 36. Qxf7+ Kh8 37. e5 Qe2 38. Qf5 Ra8 39. Qf3 Qa6
40. Kc1 Qa1+ 41. Nb1 b3 42. c3 Qa6 43. Rd1 Re8 44. Rd6 Qc4 45. Nd2 Qh4 46. Qe2
Qh1+ 47. Nf1 Qa8 48. Nd2 Qh1+ 49. Nf1 Rf8 50. Rd1 Qa8 51. Nd2 Qc6 52. Qc4 Qg6
53. Nxb3 Qg5+ 54. Nd2 Qxe5 55. b4 Ne6 56. Rf1 Rd8 57. Kc2 Qh2 58. Rd1 Ng5 59.
Kc1 Qh3 60. Kc2 Qf5+ 61. Kc1 Rc8 62. Qb3 Qd3 63. Kb2 Rd8 64. Qc2 Qe2 65. Kc1
Ra8 66. Kb1 Ne4 67. Kc1 Nf2 68. Nb3 Qxd1+ 69. Qxd1 Nxd1 70. Kxd1 h5 71. Nc5 h4
72. Ke2 Ra2+ 73. Kf1 g5 74. Ne4 g4 75. b5 g3 76. c4 g2+ 77. Kg1 h3 0-1

[Event "Østlandsserien 2000/2001, 1. div."]
[Site "Oslo"]
[Date "2001.02.10"]
[Round "6.6"]
[White "Næssvold, Kjell"]
[Black "Areklett, Ivar"]
[Result "1/2-1/2"]
[WhiteElo "1856"]
[BlackElo "1945"]
[WhiteTeam "Follo"]
[BlackTeam "ASKO 2"]
[PlyCount "92"]
[EventDate "2000.11.11"]

1. e4 c5 2. Nf3 d6 3. d4 cxd4 4. Nxd4 Nf6 5. Nc3 a6 6. Be2 e6 7. a4 Be7 8. O-O
O-O 9. Kh1 b6 10. f4 Qc7 11. Bf3 Bb7 12. Qe2 Nbd7 13. f5 e5 14. Nb3 Nc5 15.
Nxc5 Qxc5 16. g4 d5 17. g5 Nxe4 18. Nxe4 dxe4 19. Bxe4 Bxe4+ 20. Qxe4 f6 21.
Be3 Qc7 22. h4 Rac8 23. c3 Qc4 24. Qxc4+ Rxc4 25. Kg2 Rxh4 26. Kg3 fxg5 27.
Bxb6 h5 28. Bc7 Rg4+ 29. Kh3 Re4 30. Rae1 g4+ 31. Kg2 Rxa4 32. Bxe5 Bh4 33. Bg3
Bg5 34. Rh1 Ra2 35. Re2 Rxf5 36. Rxh5 Rb5 37. Be5 Rbxb2 38. Rxb2 Rxb2+ 39. Kg3
Bd2 40. Kxg4 Rc2 41. Rh3 a5 42. Rd3 {!} 42... a4 43. Kf5 Kh7 44. Rd7 Bxc3 45.
Rxg7+ Kh6 46. Rg6+ Kh7 1/2-1/2

[Event "Østlandsserien 2000/2001, 1. div."]
[Site "Oslo"]
[Date "2001.02.11"]
[Round "7.1"]
[White "Ofstad, Per"]
[Black "Lie, Kjetil A"]
[Result "0-1"]
[WhiteElo "2205"]
[BlackElo "2333"]
[PlyCount "81"]
[EventDate "2000.11.11"]
[WhiteTeam "Follo"]
[BlackTeam "Porsgrunn"]

1. f4 c5 2. Nf3 g6 3. g3 Bg7 4. Bg2 Nc6 5. e4 e6 6. O-O Nge7 7. c3 d6 8. d3 O-O
9. Be3 f5 10. Nbd2 b6 11. Re1 h6 12. Bf2 a5 13. exf5 gxf5 14. a4 Rb8 15. Nc4
Qd7 16. d4 Ba6 17. Na3 Rfd8 18. Nb5 Nd5 19. Qb3 Nce7 20. Rad1 Bxb5 21. axb5 Qc8
22. Qc4 Kf7 23. Qe2 Nf6 24. Nh4 c4 25. d5 Nexd5 26. Nxf5 Nxc3 27. bxc3 exf5 28.
Qe7+ Kg8 29. Bd4 Rd7 30. Qe6+ Rf7 31. Qxd6 Kh7 32. Bc6 Qf8 33. Qe6 Ng4 34. Bxg7
Qxg7 35. Rd7 Rxd7 36. Bxd7 Rf8 37. h3 Nf6 38. Qxf5+ Kh8 39. Bc6 Qxg3+ 40. Kf1
Nd7 41. Qg4 0-1

[Event "Østlandsserien 2000/2001, 1. div."]
[Site "Oslo"]
[Date "2001.02.11"]
[Round "7.2"]
[White "Sagafos, Magne"]
[Black "Solem, Trond"]
[Result "1-0"]
[WhiteElo "2204"]
[BlackElo "2118"]
[PlyCount "105"]
[EventDate "2000.11.11"]
[WhiteTeam "Porsgrunn"]
[BlackTeam "Follo"]

1. e4 c5 2. Nf3 e6 3. d4 cxd4 4. Nxd4 a6 5. Nc3 Qc7 6. Bd3 Nf6 7. O-O b5 8. Qe2
d6 9. f4 Nbd7 10. g4 b4 11. Nd1 d5 12. e5 Bc5 13. Be3 Ne4 14. c4 bxc3 15. Nxc3
Qa7 16. Nc2 Bb7 17. Bxe4 dxe4 18. b4 Bxe3+ 19. Qxe3 Qxe3+ 20. Nxe3 Rc8 21. Na4
g5 22. fxg5 Nxe5 23. Nc5 Bc6 24. a4 a5 25. bxa5 Ke7 26. Rfd1 Rhg8 27. Rac1 Nf3+
28. Kf2 Nxg5 29. Nc4 Bd5 30. Nb6 Rcd8 31. a6 Nf3 32. Nb7 Nxh2 33. Rc7+ Kf6 34.
Nxd8 Nxg4+ 35. Ke2 Rxd8 36. Nxd5+ exd5 37. a7 Ke6 38. Rb7 Ra8 39. Rdb1 f5 40.
R1b6+ Ke5 41. Re7+ Kd4 42. Rb4+ Kc3 43. Rb8 Rxa7 44. Rxa7 f4 45. Rc7+ Kd4 46.
Rb4+ Ke5 47. a5 f3+ 48. Ke1 Kf4 49. a6 Kg3 50. Rg7 h5 51. a7 Kg2 52. Rb2+ Kg1
53. Rf2 1-0

[Event "Østlandsserien 2000/2001, 1. div."]
[Site "Oslo"]
[Date "2001.02.11"]
[Round "7.3"]
[White "Ådnøy, Hallvard Voll"]
[Black "Lahlum, Hans Olav"]
[WhiteElo "2114"]
[BlackElo "2206"]
[WhiteTeam "Follo"]
[BlackTeam "Porsgrunn"]
[Result "1/2-1/2"]
[PlyCount "79"]
[EventDate "2000.11.11"]

1. e4 e6 2. d3 d5 3. Nd2 Nf6 4. Ngf3 Nc6 5. c3 a5 6. Be2 Be7 7. O-O O-O 8. b3
e5 9. a3 Bg4 10. Bb2 Qd7 11. b4 axb4 12. axb4 Rxa1 13. Bxa1 dxe4 14. Nxe4 Nxe4
15. dxe4 Rd8 16. Qc2 Bf6 17. Rd1 Qe8 18. h3 Be6 19. Rxd8 Qxd8 20. Qa4 Ne7 21.
Bb2 Ng6 22. Bc1 h6 23. Qa7 b6 24. Qa4 Bd7 25. Qd1 Bc6 26. Qxd8+ Bxd8 27. Bd3
Kf8 28. g3 Bf6 29. h4 Ke8 30. Ne1 Ne7 31. f3 Bd7 32. Nc2 Be6 33. Ne3 h5 34. Nc4
Kd7 35. Bd2 g6 36. Bg5 Bg7 37. Kf2 Nc8 38. Be3 Nd6 39. Nxd6 Kxd6 40. Ke2
1/2-1/2

[Event "Østlandsserien 2000/2001, 1. div."]
[Site "Oslo"]
[Date "2001.02.11"]
[Round "7.4"]
[White "Tallaksen, Geir Sune"]
[Black "Kirkebø, Carl Peter"]
[WhiteElo "2107"]
[BlackElo "1972"]
[WhiteTeam "Porsgrunn"]
[BlackTeam "Follo"]
[Result "1-0"]
[PlyCount "41"]
[EventDate "2000.11.11"]

1. d4 Nf6 2. c4 c5 3. d5 e6 4. Nc3 exd5 5. cxd5 d6 6. h3 a6 7. a4 Qe7 8. Nf3
Nbd7 9. Bf4 g6 10. Nd2 Nh5 11. Bh2 f5 12. Nc4 Ne5 13. Bxe5 dxe5 14. d6 Qd8 15.
Nd5 Be6 16. Nc7+ Qxc7 17. dxc7 Bxc4 18. e4 Bf7 19. exf5 c4 20. Qd2 Rc8 21.
O-O-O 1-0

[Event "Østlandsserien 2000/2001, 1. div."]
[Site "Oslo"]
[Date "2001.02.11"]
[Round "7.5"]
[White "Næssvold, Kjell"]
[Black "Lie, Espen"]
[WhiteElo "1856"]
[BlackElo "2099"]
[WhiteTeam "Follo"]
[BlackTeam "Porsgrunn"]
[Result "0-1"]
[PlyCount "38"]
[EventDate "2000.11.11"]

1. e4 e5 2. Nf3 Nc6 3. d4 exd4 4. Nxd4 Nf6 5. Nxc6 bxc6 6. Bd3 d5 7. e5 Ng4 8.
O-O Bc5 9. Qe2 Qe7 10. Bf4 g5 11. Bg3 h5 12. h3 h4 13. Bh2 Nh6 14. Kh1 g4 15.
hxg4 Nxg4 16. Nd2 Nxh2 17. Kxh2 Qg5 18. Nb3 Rg8 19. Rg1 Qg3+ 0-1

[Event "Østlandsserien 2000/2001, 1. div."]
[Site "Oslo"]
[Date "2001.03.10"]
[Round "8.1"]
[White "Hansen, Torbjørn Ringdal"]
[Black "Øgaard, Leif"]
[WhiteElo "2244"]
[BlackElo "2313"]
[WhiteTeam "Tempo"]
[BlackTeam "Follo"]
[Result "0-1"]
[PlyCount "62"]
[EventDate "2000.11.11"]

1. e4 c5 2. Nf3 e6 3. Nc3 Nc6 4. d4 cxd4 5. Nxd4 a6 6. Nxc6 bxc6 7. Bd3 d6 8.
O-O Nf6 9. f4 Be7 10. Qf3 Nd7 11. Qg3 Bf6 12. e5 dxe5 13. Ne4 O-O 14. f5 Bh4
15. Qh3 exf5 16. Qxf5 g6 17. Qf3 f5 18. Bh6 fxe4 19. Qxe4 Rxf1+ 20. Rxf1 Bf6
21. Qxc6 Rb8 22. Qe6+ Kh8 23. Qf7 Bb7 24. Rxf6 Qxf6 25. Qxd7 Bc6 26. Qc7 Re8
27. h4 Bd5 28. a4 Kg8 29. Bxa6 e4 30. Bb5 e3 31. Qg3 31... e2 $138 0-1

[Event "Østlandsserien 2000/2001, 1. div."]
[Site "Oslo"]
[Date "2001.03.10"]
[Round "8.2"]
[White "Solem, Trond"]
[Black "Eriksen, Terje"]
[WhiteElo "2118"]
[BlackElo "2120"]
[WhiteTeam "Follo"]
[BlackTeam "Tempo"]
[Result "1-0"]
[PlyCount "71"]
[EventDate "2000.11.11"]

1. d4 Nf6 2. c4 e6 3. Nc3 Bb4 4. f3 Nh5 5. Nh3 f5 6. Bg5 Be7 7. Bxe7 Qxe7 8.
Qd2 d6 9. O-O-O Nf6 10. Nf4 Nc6 11. e3 e5 12. Nfd5 Nxd5 13. cxd5 Nd8 14. dxe5
dxe5 15. Bb5+ Bd7 16. Kb1 Nf7 17. d6 cxd6 18. Nd5 Qd8 19. Bxd7+ Qxd7 20. Rc1
O-O 21. Rc7 Qb5 22. Ne7+ Kh8 23. Nxf5 Rad8 24. e4 d5 25. Rd1 Qb6 26. Re7 g6 27.
Nh6 Qf6 28. Nxf7+ Rxf7 29. Rxf7 Qxf7 30. exd5 Rd6 31. a3 Kg7 32. Ka1 a6 33. Qd3
Qf4 34. g3 Qa4 35. Rd2 Kf6 36. Qc3 $138 1-0

[Event "Østlandsserien 2000/2001, 1. div."]
[Site "Oslo"]
[Date "2001.03.10"]
[Round "8.3"]
[White "Henriksen, Geir Ivar"]
[Black "Ådnøy, Hallvard Voll"]
[WhiteElo "2032"]
[BlackElo "2114"]
[WhiteTeam "Tempo"]
[BlackTeam "Follo"]
[Result "1/2-1/2"]
[PlyCount "51"]
[EventDate "2000.11.11"]

1. d4 Nf6 2. c4 e6 3. Nf3 d5 4. Nc3 c6 5. e3 Nbd7 6. Qc2 Bd6 7. Be2 O-O 8. O-O
Re8 9. Rd1 Qe7 10. a3 b6 11. e4 dxe4 12. Nxe4 Nxe4 13. Qxe4 Bb7 14. c5 bxc5 15.
dxc5 Nxc5 16. Qc2 e5 17. Ng5 e4 18. Bc4 Rf8 19. Be3 Nd7 20. Nxe4 Be5 21. Ng5 g6
22. Nf3 Bg7 23. Re1 Qd6 24. Rad1 Qc7 25. Bg5 Rfe8 26. Bh4 1/2-1/2

[Event "Østlandsserien 2000/2001, 1. div."]
[Site "Oslo"]
[Date "2001.03.10"]
[Round "8.4"]
[White "Semakoff, Aleks"]
[Black "Breivik, Lars"]
[WhiteElo "2115"]
[BlackElo "2078"]
[WhiteTeam "Follo"]
[BlackTeam "Tempo"]
[Result "0-1"]
[PlyCount "114"]
[EventDate "2000.11.11"]

1. e4 Nf6 2. e5 Nd5 3. d4 d6 4. Nf3 Bg4 5. Be2 c6 6. exd6 exd6 7. O-O Be7 8. c4
Nc7 9. Nc3 O-O 10. Be3 Nd7 11. h3 Bh5 12. Qd2 Nb6 13. b3 d5 14. c5 Nd7 15. b4
Ne6 16. b5 Ndxc5 17. dxc5 Bxf3 18. Bxf3 d4 19. bxc6 bxc6 20. Rad1 dxe3 21. Qxe3
Qa5 22. Bxc6 Bxc5 23. Qd2 Rad8 24. Nd5 Qa6 25. Qc2 Kh8 26. Qa4 Qxa4 27. Bxa4
Nd4 28. Nc3 Bb6 29. Ne4 f5 30. Ng5 h6 31. Nf3 Ne2+ 32. Kh2 Nc3 33. Rxd8 Rxd8
34. Bb3 Ne4 35. Kg1 g5 36. Rd1 Rxd1+ 37. Bxd1 Nxf2 38. Bc2 Ne4+ 39. Kf1 Ng3+
40. Ke1 Kg7 41. Kd2 Kf6 42. Bd3 Ne4+ 43. Kc2 h5 44. g4 Nf2 45. Bxf5 Nxh3 46.
Bc8 h4 47. Kd1 Nf2+ 48. Ke2 Ne4 49. Kd3 Ng3 50. Nd2 Ke5 51. Bb7 Kf4 52. Ne4
Nxe4 53. Bxe4 Kxg4 54. Ke2 Kg3 55. Kf1 g4 56. Bf5 h3 57. Bd7 Kh4 0-1

[Event "Østlandsserien 2000/2001, 1. div."]
[Site "Oslo"]
[Date "2001.03.10"]
[Round "8.5"]
[White "Thorgersen, Trond M"]
[Black "Kirkebø, Carl Peter"]
[WhiteElo "2024"]
[BlackElo "1972"]
[WhiteTeam "Tempo"]
[BlackTeam "Follo"]
[Result "1-0"]
[PlyCount "53"]
[EventDate "2000.11.11"]

1. e4 c5 2. c3 d5 3. exd5 Qxd5 4. d4 Nf6 5. Nf3 e6 6. Na3 Be7 7. Be3 cxd4 8.
Nb5 O-O 9. Bxd4 Nc6 10. Nc7 Qe4+ 11. Be3 Rd8 12. Nxa8 Rxd1+ 13. Rxd1 Nd5 14.
Bd3 Qa4 15. Bc1 Qxa2 16. O-O b6 17. Be4 Bd6 18. Rfe1 Nce7 19. Nd4 Bb7 20. Nb5
Bxa8 21. Nxd6 Bc6 22. c4 Ba4 23. Rd3 Bc2 24. Ra3 Qb1 25. Rxa7 Ng6 26. Bxc2 Qxc2
27. cxd5 1-0

[Event "Østlandsserien 2000/2001, 1. div."]
[Site "Oslo"]
[Date "2001.03.10"]
[Round "8.6"]
[White "Næssvold, Kjell"]
[Black "Taksrud, Vidar"]
[WhiteElo "1856"]
[BlackElo "1942"]
[WhiteTeam "Follo"]
[BlackTeam "Tempo"]
[Result "1-0"]
[PlyCount "91"]
[EventDate "2000.11.11"]

1. e4 e6 2. d4 d5 3. Nc3 Bb4 4. e5 c5 5. a3 Bxc3+ 6. bxc3 Qc7 7. Qd2 Ne7 8. f4
b6 9. Nf3 O-O 10. Bd3 c4 11. Be2 Bd7 12. a4 Nbc6 13. Ba3 f5 14. O-O Rfe8 15.
Ng5 h6 16. Nh3 Kh7 17. Qe1 Qd8 18. Kh1 Nc8 19. g4 fxg4 20. Bxg4 g6 21. Qe3 N8e7
22. Rg1 Rg8 23. Rg2 Nf5 24. Bxf5 gxf5 25. Rxg8 Kxg8 26. Rg1+ Kh7 27. Ng5+ hxg5
28. Qh3+ Kg7 29. Rxg5+ Qxg5 30. fxg5 Rh8 31. Qg3 Kg6 32. h4 a5 33. Bd6 Na7 34.
Bc7 Nc8 35. Kg2 Bxa4 36. Qf2 Bd7 37. Kg3 Ba4 38. Qd2 Rh7 39. Bd8 Be8 40. Qc1
Rd7 41. h5+ Kh7 42. g6+ Bxg6 43. hxg6+ Kxg6 44. Qg5+ Kh7 45. Qh5+ Kg7 46. Bf6+
1-0

[Event "Østlandsserien 2000/2001, 1. div."]
[Site "Oslo"]
[Date "2001.03.11"]
[Round "9.1"]
[White "Solem, Trond"]
[Black "Christenson, Flemming"]
[WhiteElo "2118"]
[BlackElo "2204"]
[WhiteTeam "Follo"]
[BlackTeam "Nordstrand"]
[Result "1/2-1/2"]
[PlyCount "150"]
[EventDate "2000.11.11"]

1. c4 e6 2. d4 d5 3. Nc3 c6 4. cxd5 exd5 5. Bf4 Bf5 6. e3 Nf6 7. f3 Bd6 8. Nge2
Bxf4 9. Nxf4 Qe7 10. Qd2 h6 11. g4 Bh7 12. Bd3 Bxd3 13. Qxd3 Nbd7 14. O-O-O
O-O-O 15. Kb1 Kb8 16. h3 Nb6 17. e4 dxe4 18. fxe4 Rd7 19. e5 Nfd5 20. Nfxd5
Nxd5 21. Ne4 f6 22. Nc5 Rdd8 23. Rhe1 Rhe8 24. Qb3 b6 25. Nd3 Qd7 26. a3 Nc7
27. exf6 gxf6 28. Nb4 f5 29. Qf3 Rxe1 30. Rxe1 Nd5 31. Nxd5 Qxd5 32. Qf4+ Qd6
33. Qxf5 Qxd4 34. Qe5+ Qxe5 35. Rxe5 Rd6 36. Kc2 a6 37. Re7 c5 38. Rg7 b5 39.
h4 Kc8 40. h5 Kd8 41. g5 hxg5 42. Rxg5 c4 43. Rg6 Rd3 44. h6 Rh3 45. Rxa6 Kc7
46. Rg6 Kb7 47. Rg7+ Kb6 48. Rh7 Kc6 49. Rh8 Kb7 50. h7 Ka7 51. Kd2 Kb7 52. Ke2
Ka7 53. Kf2 Kb7 54. Kg2 Rh6 55. Kf3 Rh4 56. Kg3 Rh1 57. Kf4 Rh5 58. Kg4 Rh1 59.
Kf5 Rh2 60. Ke5 b4 61. axb4 Rh5+ 62. Kd4 Rh4+ 63. Kc5 Rh5+ 64. Kxc4 Rh4+ 65.
Kb5 Rh5+ 66. Ka4 Rh4 67. Ka5 Rh1 68. b5 Ra1+ 69. Kb4 Rh1 70. b6 Rh4+ 71. Ka5
Rh1 72. b4 Rh5+ 73. Ka4 Rh3 74. Ka5 Rh5+ 75. Ka4 Rh3 1/2-1/2